| 000 | 01241nab a22002417a 4500 | ||
|---|---|---|---|
| 999 |
_c5733 _d5733 |
||
| 003 | OSt | ||
| 005 | 20260101190950.0 | ||
| 008 | 190514b xxu||||| |||| 00| 0 spa d | ||
| 040 | _cPJ | ||
| 100 |
_96653 _aToledo, Paula Andrea |
||
| 245 | 1 | 0 |
_aIntervención de abogado/a de niñas, niños y adolescentes, tutor/a especial o intervención de manera conjunta / _cPaula Andrea Toledo. |
| 300 | _ap. 72-76 | ||
| 500 | _aCita: TR LALEY AR/DOC/3264/2024. | ||
| 505 | _aSumario: I. Palabras liminares.— II. El rol del Ministerio Público (MP).— III. El rol del abogado/a de niños, niñas, y adolescentes (ANNA), la tutela especial y el interés superior de NNA. | ||
| 505 | _aFallo comentado: C2aCiv. y Com., La Plata, sala I ~ 02/07/2024 ~ P. H. E. c. F. D. Y. s/ protección contra la violencia familiar. | ||
| 650 | 0 |
_9967 _aDERECHO DE FAMILIA |
|
| 650 | 0 |
_92741 _aDERECHOS DE LAS NIÑAS, NIÑOS Y ADOLESCENTES |
|
| 650 | 0 |
_94097 _aINTERES SUPERIOR DEL NIÑO |
|
| 650 | 0 |
_94105 _aABOGADO DEL NIÑO |
|
| 650 | 0 |
_91057 _aJURISPRUDENCIA APLICABLE |
|
| 773 | 0 |
_02844 _93222 _dBuenos Aires : AbeledoPerrot, 1989- _tDerecho de familia. Revista Interdisciplinaria de doctrina y jurisprudencia. Febrero 2025-I. _z18511201 |
|
| 942 |
_2udc _cANA |
||